LEADER 01379nam a2200289 u 4500 001 000000017670 003 CaOOAMICUS 005 20070226110602.0 008 941010s1977 es u000 u spa u 035 $a10411909 040 $aPUL$bita 100 1 $aFolgado Flórez, Segundo,$cO.S.A.$0(OLS)http://pul/name/11089 245 10$aDinamismo católico de la Iglesia en San Agustín /$cSegundo Folgado Flórez, O.S.A. 260 $aReal Monasterio de El Escorial :$bBiblioteca "La ciudad de Dios",$c1977. 300 $a344 p. ;$c21 cm 490 1 $aBiblioteca "La Ciudad de Dios".$aI, Libros ;$v23 504 $a"Indice bibliografico": p. [317]-327. 600 04$aAugustinus,$cs., vesc. d'Ippona,$d354-430$xTeologia.$0(OLS)http://pul/subject/1392 650 4$aCattolicesimo.$0(OLS)http://pul/subject/3132 650 4$aChiesa (teologia).$0(OLS)http://pul/subject/10200 830 0$aBiblioteca "La Ciudad de Dios".$nI,$pLibros ;$v23.$0(OLS)http://pul/title/16691 850 $aPUL 852 $aPUL$W1$xSL Religione 1$y3$m24 H 11$j24905$nBK-PRI$b $qStampati$B24905$CPULBib$Z2$F24905 $H $81 941 1 $a8 961 $aINV: 46922 996 $6245$aDinamismo católico de la Iglesia en San Agustín$9(OLS)http://pul/title/25283 996 $6260$aReal Monasterio de El Escorial :$bBiblioteca "La ciudad de Dios"$9(OLS)http://pul/publisher/55410 LEADER 01468nam a2200313 a 4500 001 000000147700 003 CaOOAMICUS 005 20151126113527.0 008 151126s2013 it u000 u ita r 020 $a88-14-18152-7* 032 $aLibriCat 040 $aPUL$bita 082 04$a346.4501 100 1 $aRenda, Andrea.$0(OLS)http://pul/name/67954 245 13$aIl matrimonio civile :$buna teoria neo-istituzionale /$cAndrea Renda. 260 $aMilano :$bGiuffrè,$c©2013. 300 $aVII, 705 p. ;$c24 cm. 490 1 $aUniversità cattolica del Sacro Cuore, Facoltà di giurisprudenza, Sede di Piacenza, Dipartimento di scienze giuridiche ;$v10 504 $aBibliografia in nota. 650 4$aMatrimonio (diritto civile)$zItalia.$0(OLS)http://pul/subject/12562 830 0$aUniversità cattolica del Sacro Cuore, Facoltà di giurisprudenza, Sede di Piacenza, Dipartimento di scienze giuridiche ;$v10.$0(OLS)http://pul/title/175312 850 $aPUL 852 $aPUL$W1$xSL Diritto e Scienze Sociali 3$y79$m346. 4501 RENAN 1$j170595$qDDC 21$B171501$CPULBib$Z2$F171501 $H126556 $81 941 1 $a9 996 $6020$a88-14-18152-7*$9(OLS)http://pul/number/159041 996 $6082$a346.4501$9(OLS)http://pul/classification/451 996 $6245$aIl matrimonio civile :$buna teoria neo-istituzionale$9(OLS)http://pul/title/186384 996 $6260$aMilano :$bGiuffrè$9(OLS)http://pul/publisher/48401